| 000 | 00614nam a22001937a 4500 | ||
|---|---|---|---|
| 008 | 161117b xxu||||| |||| 00| 0 eng d | ||
| 020 | _a97800700001503 | ||
| 050 |
_aHF5636 _b.B44 2011 |
||
| 100 | _aBeechy, Thomas H. | ||
| 245 |
_aIntermediate accounting _cThomas H. Beechy, Joan E.D. Conrod, Elizabeth J. Farrell |
||
| 250 | _a5th ed. | ||
| 260 |
_aNew York : _bMcGraw-Hill Irwin, _c2011 |
||
| 300 |
_axxii, 382p. _c30cm. |
||
| 500 | _a Includes bibliographical references and indexes. | ||
| 650 | _a Accounting. | ||
| 700 | _aConrod, Joan E. D. | ||
| 700 | _aFarrell, Elizabeth, J. | ||
| 942 |
_2lcc _cBK |
||
| 999 |
_c47300 _d47300 |
||